Central Library OPAC University of Rajshahi

Managing U.S.-Soviet rivalry : (Record no. 58366)

MARC details
000 -LEADER
fixed length control field 01202nam a2200325 a 4500
001 - CONTROL NUMBER
control field 58366
003 - CONTROL NUMBER IDENTIFIER
rucl marc code BD-RjUL
005 - DATE AND TIME OF LATEST TRANSACTION
control field 20211209080619.0
008 - FIXED-LENGTH DATA ELEMENTS--GENERAL INFORMATION
fixed length control field 161218s1983 cou b 001 0 eng
020 ## - INTERNATIONAL STANDARD BOOK NUMBER
International Standard Book Number 0865315000 :
Terms of availability 30.00
International Standard Book Number 0865315019 (pbk.) :
Terms of availability 10.75
035 ## - SYSTEM CONTROL NUMBER
System control number MITb10140462
System control number (BD-RjUL) 58490
System control number GLIS00140462
040 ## - CATALOGING SOURCE
Original cataloging agency DLC
Transcribing agency DLC
Modifying agency MYG
-- BD-RjUL
Language of cataloging eng
041 ## - LANGUAGE CODE
Language code of text/sound track or separate title eng
082 ## - DEWEY DECIMAL CLASSIFICATION NUMBER
Edition number 23
Classification number 327.73047
Author mark and year GEM 1983
099 ## - LOCAL FREE-TEXT CALL NUMBER (OCLC)
Bangla Class number E183.8.S65.G446 1983
100 1# - MAIN ENTRY--PERSONAL NAME
Personal name George, Alexander L.
9 (RLIN) 172595
245 10 - TITLE STATEMENT
Title Managing U.S.-Soviet rivalry :
Remainder of title problems of crisis prevention /
Statement of responsibility, etc. by Alexander L. George ; with contributions by Coit D. Blacker ... et al.
260 ## - PUBLICATION, DISTRIBUTION, ETC. (IMPRINT)
Place of publication, distribution, etc. Boulder, Colorado :
Name of publisher, distributor, etc. Westview Press,
Date of publication, distribution, etc. c1983.
300 ## - PHYSICAL DESCRIPTION
Pagination xii, 415 p. ;
Size 24 cm.
490 1# - SERIES STATEMENT
Series statement Westview special studies in international relations
504 ## - BIBLIOGRAPHY, ETC. NOTE
Bibliography, etc Includes bibliographical references and index.
651 #0 - SUBJECT ADDED ENTRY--GEOGRAPHIC NAME
Geographic name United States
General subdivision Foreign relations
Geographic subdivision Soviet Union.
9 (RLIN) 172617
Geographic name Soviet Union
General subdivision Foreign relations
Geographic subdivision United States.
9 (RLIN) 172618
700 ## - ADDED ENTRY--PERSONAL NAME
Personal name Blacker, Coit D.
830 #0 - SERIES ADDED ENTRY--UNIFORM TITLE
Uniform title Westview special studies in international relations.
942 ## - ADDED ENTRY ELEMENTS (KOHA)
Source of classification or shelving scheme Dewey Decimal Classification
Koha item type Books
Holdings
Lost status Source of classification or shelving scheme Damaged status Not for loan Collection code Permanent Location Current Location Shelving location Date acquired Source of acquisition Total Checkouts Full call number Date last seen Copy number Koha item type
  Dewey Decimal Classification   Not For Loan Non-fiction Central Library, University of Rajshahi Central Library, University of Rajshahi Reading Room 17/06/1991 Ariaf edotir   327.73047 GEM 1983 18/12/2016 C-1 Books